| 000 | 00728nam a22002297a 4500 | ||
|---|---|---|---|
| 005 | 20170124105946.0 | ||
| 010 | _aA-938920 | ||
| 020 |
_c00.00 _a8125013857 |
||
| 035 | _aA-938920 | ||
| 037 | _bCen Lib/Ret | ||
| 040 |
_aDPL _bEN |
||
| 082 |
_a305.5222 _bTIL |
||
| 100 |
_aTillotson, Sarah _912289 |
||
| 245 |
_aIndian mansions : _cby Sarah Tillotson _ba social history of the haveli / |
||
| 260 |
_aNew Delhi _bOrient Longman _c1994 |
||
| 270 |
_a1/24 Asaf Ali Road _bNew Delhi _e110002 |
||
| 300 |
_axvii,212p. : _c20cm(Hb) _bill. |
||
| 500 | _aIncludes bibliographic references and index | ||
| 650 |
_aIndia _981153 |
||
| 650 |
_aArchitecture, Domestic _912291 |
||
| 942 |
_2ddc _cEN _h305.5222 _mTIL |
||
| 999 |
_c124892 _d124892 |
||